<?xml version="1.0" encoding="UTF-8"?>
<collection xmlns="http://www.loc.gov/MARC21/slim">
 <record>
  <leader>01538nam a22003374a 4500</leader>
  <controlfield tag="001">27197</controlfield>
  <controlfield tag="003">BD-DhAAL</controlfield>
  <controlfield tag="008">000817s2001    nyua     b    001 0 eng  </controlfield>
  <datafield tag="999" ind1=" " ind2=" ">
   <subfield code="c">13621</subfield>
   <subfield code="d">13621</subfield>
  </datafield>
  <datafield tag="010" ind1=" " ind2=" ">
   <subfield code="a">   00064641 </subfield>
  </datafield>
  <datafield tag="020" ind1=" " ind2=" ">
   <subfield code="a">0684867699</subfield>
  </datafield>
  <datafield tag="040" ind1=" " ind2=" ">
   <subfield code="a">DLC</subfield>
   <subfield code="c">DLC</subfield>
   <subfield code="d">DLC</subfield>
   <subfield code="d">BD-DhAAL</subfield>
  </datafield>
  <datafield tag="050" ind1="0" ind2="0">
   <subfield code="a">HD69.S8</subfield>
   <subfield code="b">G74 2001</subfield>
  </datafield>
  <datafield tag="082" ind1="0" ind2="0">
   <subfield code="a">658.044</subfield>
   <subfield code="2">21</subfield>
  </datafield>
  <datafield tag="100" ind1="1" ind2=" ">
   <subfield code="a">Greenhalgh, Leonard.</subfield>
   <subfield code="9">2196</subfield>
  </datafield>
  <datafield tag="245" ind1="1" ind2="0">
   <subfield code="a">Managing strategic relationships :</subfield>
   <subfield code="b">the key to business success /</subfield>
   <subfield code="c">Leonard Greenhalgh.</subfield>
  </datafield>
  <datafield tag="260" ind1=" " ind2=" ">
   <subfield code="a">New York :</subfield>
   <subfield code="b">Free Press,</subfield>
   <subfield code="c">c2001.</subfield>
  </datafield>
  <datafield tag="300" ind1=" " ind2=" ">
   <subfield code="a">xvi, 313 pages :</subfield>
   <subfield code="b">illustrations ;</subfield>
   <subfield code="c">25 cm.</subfield>
  </datafield>
  <datafield tag="504" ind1=" " ind2=" ">
   <subfield code="a">Includes bibliographical references and index.</subfield>
  </datafield>
  <datafield tag="526" ind1=" " ind2=" ">
   <subfield code="a">BBS</subfield>
  </datafield>
  <datafield tag="541" ind1=" " ind2=" ">
   <subfield code="e">27197</subfield>
  </datafield>
  <datafield tag="650" ind1=" " ind2="0">
   <subfield code="a">Strategic alliances (Business).</subfield>
   <subfield code="9">2197</subfield>
  </datafield>
  <datafield tag="650" ind1=" " ind2="0">
   <subfield code="a">Business networks.</subfield>
   <subfield code="9">2198</subfield>
  </datafield>
  <datafield tag="650" ind1=" " ind2="0">
   <subfield code="a">Decision making.</subfield>
   <subfield code="9">2199</subfield>
  </datafield>
  <datafield tag="650" ind1=" " ind2="0">
   <subfield code="a">Success in business.</subfield>
   <subfield code="9">2200</subfield>
  </datafield>
  <datafield tag="650" ind1=" " ind2="0">
   <subfield code="a">Business &amp; finance.</subfield>
   <subfield code="9">43220</subfield>
  </datafield>
  <datafield tag="852" ind1=" " ind2=" ">
   <subfield code="a">BRAC Institute of Governance and Development</subfield>
   <subfield code="c">General Stacks</subfield>
  </datafield>
  <datafield tag="942" ind1=" " ind2=" ">
   <subfield code="2">ddc</subfield>
   <subfield code="c">BK</subfield>
  </datafield>
  <datafield tag="952" ind1=" " ind2=" ">
   <subfield code="0">0</subfield>
   <subfield code="1">0</subfield>
   <subfield code="2">ddc</subfield>
   <subfield code="4">0</subfield>
   <subfield code="6">658_044000000000000_GRE</subfield>
   <subfield code="7">0</subfield>
   <subfield code="9">22790</subfield>
   <subfield code="a">IGS</subfield>
   <subfield code="b">IGS</subfield>
   <subfield code="c">GEN</subfield>
   <subfield code="d">2013-06-24</subfield>
   <subfield code="e">Trim Education</subfield>
   <subfield code="g">6575.00</subfield>
   <subfield code="l">0</subfield>
   <subfield code="o">658.044 GRE</subfield>
   <subfield code="p">3010027197</subfield>
   <subfield code="r">2013-06-24</subfield>
   <subfield code="t">1</subfield>
   <subfield code="w">2013-06-24</subfield>
   <subfield code="y">BK</subfield>
  </datafield>
  <datafield tag="952" ind1=" " ind2=" ">
   <subfield code="0">0</subfield>
   <subfield code="1">0</subfield>
   <subfield code="2">ddc</subfield>
   <subfield code="4">0</subfield>
   <subfield code="6">658_044000000000000_GRE</subfield>
   <subfield code="7">0</subfield>
   <subfield code="9">58739</subfield>
   <subfield code="a">BRACUL</subfield>
   <subfield code="b">BRACUL</subfield>
   <subfield code="c">GEN</subfield>
   <subfield code="d">2016-04-03</subfield>
   <subfield code="e">Trim Education</subfield>
   <subfield code="g">6230.00</subfield>
   <subfield code="l">0</subfield>
   <subfield code="o">658.044 GRE</subfield>
   <subfield code="p">3010031060</subfield>
   <subfield code="r">2016-04-07</subfield>
   <subfield code="t">2</subfield>
   <subfield code="v">6230.00</subfield>
   <subfield code="w">2016-04-03</subfield>
   <subfield code="y">BK</subfield>
  </datafield>
  <datafield tag="952" ind1=" " ind2=" ">
   <subfield code="0">0</subfield>
   <subfield code="1">0</subfield>
   <subfield code="2">ddc</subfield>
   <subfield code="4">0</subfield>
   <subfield code="6">658_044000000000000_GRE</subfield>
   <subfield code="7">0</subfield>
   <subfield code="9">58740</subfield>
   <subfield code="a">BRACUL</subfield>
   <subfield code="b">BRACUL</subfield>
   <subfield code="c">GEN</subfield>
   <subfield code="d">2016-04-03</subfield>
   <subfield code="e">Trim Education</subfield>
   <subfield code="g">6230.00</subfield>
   <subfield code="l">0</subfield>
   <subfield code="o">658.044 GRE</subfield>
   <subfield code="p">3010031061</subfield>
   <subfield code="r">2016-04-07</subfield>
   <subfield code="t">3</subfield>
   <subfield code="v">6230.00</subfield>
   <subfield code="w">2016-04-03</subfield>
   <subfield code="y">BK</subfield>
  </datafield>
 </record>
</collection>
